000 00880nam a22001577a 4500
003 OSt
005 20250405162037.0
008 250311b |||||||| |||| 00| 0 fre d
040 _cautismepaimpol.fr
245 _aLoto Tactile
246 _aPerception tactile 2 est un jeu de reconnaissance tactile de formes en 3 dimensions, il permet de développer le sens du toucher.
500 _aChoisissez une carte en bois et tentez de retrouver la forme représentée dans le sac. 2 pièces à retrouver pour chaque carte. Formes simples à plus complexes et détaillées. Ce jeu permet de travailler la discrimination tactile, la concentration et l’association des sens vue-toucher. Il faut « explorer » les pièces en bois du bout de ses doigts pour en identifier la forme.
520 _a
562 _dDim plaquettes bois 16 x 8 cm, 36 pièces en bois. Dès 3 ans.
942 _cLOTO
999 _c146
_d146